Normal view
MARC view
- حاسبات الالكترونية - نظم تشغيل
Entry Topical Term
001 - CONTROL NUMBER
- control field: 33237
003 - CONTROL NUMBER IDENTIFIER
- control field: JO-AjAnu
005 - DATE AND TIME OF LATEST TRANSACTION
- control field: 20230606075558.0
008 - FIXED-LENGTH DATA ELEMENTS
- fixed length control field: 230606|| aca||aabn | a|a d
040 ## - CATALOGING SOURCE
- Original cataloging agency: JO-AjAnu
- Transcribing agency: JO-AjAnu
150 ## - HEADING--TOPICAL TERM
- Topical term or geographic name entry element: حاسبات الالكترونية - نظم تشغيل
670 ## - SOURCE DATA FOUND
- Source citation: Work cat.: (JO-AjAnu)17074: العقيلي، صالح ارشيد, author 33236, المهارات الحاسوبية الاساسية والبرمجيات الجاهزة 2000